|
|
|
|
| LEADER |
00619nab a2200193 i 4500 |
| 001 |
acta14391 |
| 005 |
20210409141322.0 |
| 008 |
161015s1973 hu o 0|| eng d |
| 022 |
|
|
|a 0001-6969
|
| 040 |
|
|
|a SZTE Egyetemi Kiadványok Repozitórium
|b hun
|
| 041 |
|
|
|a eng
|
| 100 |
1 |
|
|a Gécseg Ferenc
|
| 245 |
1 |
3 |
|a On equational classes of unoids
|h [elektronikus dokumentum] /
|c Gécseg Ferenc
|
| 260 |
|
|
|c 1973
|
| 300 |
|
|
|a 99-101
|
| 490 |
0 |
|
|a Acta scientiarum mathematicarum
|v 34
|
| 695 |
|
|
|a Matematika
|
| 700 |
0 |
1 |
|a Székely Sándor
|e aut
|
| 856 |
4 |
0 |
|u http://acta.bibl.u-szeged.hu/14391/1/math_034_099-101.pdf
|z Dokumentum-elérés
|